| 000 | 00673nam a22001937a 4500 | ||
|---|---|---|---|
| 020 | _a9789695816585 | ||
| 082 |
_a891.4393 _bTAB |
||
| 100 | _aTabassum, Haroon Ur rasheed | ||
| 245 |
_aBaalan Lai Iqbal/ _cDr. Haroon Urrasheed Tabassum. |
||
| 260 |
_aFaisalabad: _bMisal Publishers, _c2021. |
||
| 300 | _a200pages. | ||
| 563 | _aHB | ||
| 650 |
_aتجزیہ و تنقید _9126056 |
||
| 650 |
_aاردو ادب _9129740 |
||
| 880 |
_6100-01\(3\r _aبالاں لئی اقبال\ |
||
| 880 |
_6100-02\(3\r _aڈاکٹر ہارون ارشید تبسم۔ |
||
| 880 |
_6100-03\(3\r _aفیصل آباد: _bمثال پبلشرز، _c2021. |
||
| 942 |
_2ddc _cBK |
||
| 999 |
_c614289 _d614289 |
||